Normal view
MARC view
- Evans N L
Entry Personal Name
001 - CONTROL NUMBER
- control field: 215908
003 - CONTROL NUMBER IDENTIFIER
- control field: OSt
005 - DATE AND TIME OF LATEST TRANSACTION
- control field: 20251218170530.0
008 - FIXED-LENGTH DATA ELEMENTS
- fixed length control field: 251218|| aca||aabn | a|a d
040 ## - CATALOGING SOURCE
- Original cataloging agency: OSt
- Transcribing agency: OSt
100 ## - HEADING--PERSONAL NAME
- Personal name: Evans N L
670 ## - SOURCE DATA FOUND
- Source citation: Work cat.: (OSt)369441: Evans N L, Introduction to Architectural Conservation: Philosophy Legislation and Practice, 2014